| 000 | 01237nam a2200277 a 4500 | ||
|---|---|---|---|
| 001 | BRCA_5004 | ||
| 005 | 20190320204911.0 | ||
| 008 | 291010s1843----fr-#######---#000-0#fre-# | ||
| 041 | _afre | ||
| 044 | _afr | ||
| 084 |
_aDOC44 _b.P37 _c1843 |
||
| 245 | 1 | 0 | _aPasaporte francés firmado el 23 de abril de 1843. |
| 260 |
_aBurdeos _c1843 |
||
| 300 |
_a[2] fojas _c41 x 31 cm. pleg. a 22 x 16 cm. |
||
| 500 | _aPasaporte francés impreso, presentado en el Consulado Mexicano para permitir el paso de la embarcación francesa ´Jenny´ en costas Veracruzanas. | ||
| 500 | _aContiene sellos de la policía general francesa al anverso y sellos del consulado mexicano al reverso. | ||
| 500 | _aEl documento contiene la leyenda DOC. #53. | ||
| 500 | _aPapel con marca de agua. | ||
| 500 | _aEstado de conservación: contiene manchas de acidez en gran parte del documento y los márgenes se encuentran deteriorados. | ||
| 506 | 0 | _aFondo Reservado. Para su consulta es necesario credencial de usuario y carta de motivos. | |
| 546 | _aTexto en: francés. | ||
| 650 | 1 | 4 |
_aRelaciones internacionales _vPasaportes _xHistoria _y1848-1870 _zFrancia _912762 |
| 651 | 4 |
_aMéxico _xHistoria _y1821-1861 _9618 |
|
| 902 | _aFDH | ||
| 942 |
_2lcc _cD |
||
| 999 |
_c4698 _d4698 |
||